| 000 | 00686nam a22001935i 4500 | ||
|---|---|---|---|
| 001 | 54490 | ||
| 003 | ES-MaACL | ||
| 005 | 20230906162949.0 | ||
| 007 | t| | ||
| 008 | 960725s1843 fr ||||1| fre d | ||
| 040 |
_aCAM _bspa _cCAM |
||
| 100 | 1 |
_aFourier, Charles. _951964 |
|
| 245 | 1 | 0 |
_aThéorie de l'unité universelle / _cCh. Fourier. |
| 260 |
_aParis : _bpubliée par la Société pour la propagation et la réalisation de la théorie de Fourier, _c1843 ( _eBesancon : _fimprimerie de Saint-Agathe) |
||
| 300 |
_a3 v. ; _c22 cm. |
||
| 500 | _aSon los volúmenes 2, 3 y 4 de: Oeuvres complètes de Ch. Fourier. | ||
| 650 | 4 |
_aFourierismo. _9149689 |
|
| 852 |
_aES-MaACL _jD-1721-3 |
||
| 999 |
_c54490 _d54490 |
||